000 01087nam a2200289 c 4500
999 _c57417
_d57417
003 BLK
005 20220323170344.0
008 180408b bul|||||r ||||||| ||bul||
010 _aKNG00061420000
040 _aBLK
041 _aBUL
_cBUL
080 _aОвощарство в цялост
_b634.1
_x(035)
_z634.1(035)
100 1 _aИванов, Спас
_eпърви автор
_9287606
139 _aПрактическо ръководство по растителна защита за овощаря
245 1 0 _aПрактическо ръководство по растителна защита за овощаря
_cСпас Иванов; ред. Спас Иванов.
250 _a3. прераб. и доп. изд
257 _aBGR
260 _aПловдив
_bХристо Г. Данов
_c1982
300 _a368 с.
_c21 см
380 _a63
700 1 _aИванов, Спас
_eред.
_9369496
852 _aЦб 113036
856 4 _qpdf
856 4 _qpdf
942 _cKNG
_n0
_s1
944 _aCR
_c13.06.2004
_kЧиталня
944 _aED
_c09.09.2015
_kГрета_Цуфелде
999 _d57417